Statistiken für Länder Asiens - alphabetisch

Klicken Sie hier um das Quiz zu spielen!

Allgemein

  • Dieses Quiz wurde 568 mal gespielt
  • Das Durchschnittsergebnis liegt bei 42 aus 49

Antwortstatistiken

Länder% Korrekt
AArmenien
94%
AAserbaidschan
94%
CChina
94%
IIndonesien
92%
JJemen
92%
BBangladesch
91%
IIndien
91%
IIran
91%
JJordanien
91%
AAfghanistan
90%
BBhutan
90%
GGeorgien
90%
IIrak
90%
JJapan
90%
BBrunei
89%
KKasachstan
89%
BBahrain
88%
LLaos
88%
OOman
88%
IIsrael
87%
KKirgisistan
87%
NNepal
87%
KKambodscha
86%
MMalaysia
86%
PPakistan
86%
KKatar
85%
LLibanon
85%
NNordkorea
85%
OOsttimor
84%
VVietnam
84%
ZZypern
84%
MMyanmar
83%
UUsbekistan
83%
KKuwait
82%
MMongolei
82%
TTadschikistan
82%
TTurkmenistan
82%
SSüdkorea
81%
SSingapur
80%
SSyrien
79%
MMalediven
78%
VVereinigte Arabische Emirate
78%
PPhilippinen
77%
TTaiwan
77%
TThailand
77%
RRussland
76%
SSaudi-Arabien
75%
SSri Lanka
74%
TTürkei
73%

Verteilung der Resultate

Perzentil nach korrekt beantworteten Fragen

Anzahl Personen mit jedem Resultat

Ihre Resultats-Entwicklung

Sie haben dieses Quiz noch nicht gespielt